00244nam a2200097Ia 4500008004100000100002000041245004200061260002700103300000800130650000800138191201s2002 xx 000 0 und d aNILSSON, Nils J 0aPrinciples of Artificial Intelligence aN. DelhibNarosac2002 a476 aMCA